Normal view
MARC view
- Haidary, Yadullah
Entry Personal Name
001 - CONTROL NUMBER
- control field: 119618
003 - CONTROL NUMBER IDENTIFIER
- control field: NUST
005 - DATE AND TIME OF LATEST TRANSACTION
- control field: 20231211105208.0
008 - FIXED-LENGTH DATA ELEMENTS
- fixed length control field: 231211|| aca||aabn | a|a d
040 ## - CATALOGING SOURCE
- Original cataloging agency: NUST
- Transcribing agency: NUST
100 ## - HEADING--PERSONAL NAME
- Personal name: Haidary, Yadullah
670 ## - SOURCE DATA FOUND
- Source citation: Work cat.: (NUST): Haidary, Yadullah , Laser-based Ultrasonic Assisted Low Speed Micro Milling of Super Alloys /
